000 004820000a22001690004500
041 0 _aSPA
082 0 4 _aG 268.01 O964q
100 1 _aOverholtzer, J. Irvin
245 1 0 _aUn manual sobre evangelización de niños/ J. Irvin Overholtzer
260 _aManagua, Nicaragua : Sociedad pro-Evangelización de Niños
300 _a51 Pag
001 7803
942 _cBK
999 _c38008
_d38008
336 _atexto
_btxt
_2rdacontent
337 _2rdamedia
_asin mediación
_bn
338 _2rdacarrier
_avolumen
_bnc